Normal view
MARC view
- Strover, C.H.
Entry Personal Name
001 - CONTROL NUMBER
- control field: 108061
003 - CONTROL NUMBER IDENTIFIER
- control field: NUST
005 - DATE AND TIME OF LATEST TRANSACTION
- control field: 20230130132727.0
008 - FIXED-LENGTH DATA ELEMENTS
- fixed length control field: 230130|| aca||aabn | a|a d
040 ## - CATALOGING SOURCE
- Original cataloging agency: NUST
- Transcribing agency: NUST
100 ## - HEADING--PERSONAL NAME
- Personal name: Strover, C.H.
670 ## - SOURCE DATA FOUND
- Source citation: Work cat.: (NUST)187141: Strover, C.H.,, "Prominent Men" :, 1936
